| 000 -ლიდერი |
| ფიქსირებული სიგრძის საკონტროლო ველი |
00954nam a22001937a 4500 |
| 003 - საკონტროლო ნომრის იდენტიფიკატორი |
| საკონტროლო ველი |
Ge_BSU |
| 005 - ბოლო ოპერაციის თარიღი და დრო |
| საკონტროლო ველი |
20220629124134.0 |
| 008 - ფიქსირებული სიგრძის მონაცემთა ელემენტები - ზოგადი ინფორმაცია |
| ფიქსირებული სიგრძის საკონტროლო ველი |
220629s2021 ge ||||| |||| 00| 0 geo d |
| 041 ## - ენის კოდი |
| Language code of text/sound track or separate title |
geo |
| 080 ## - უნივერსალური ათობითი კლასიფიკაციის ინდექსი |
| Universal Decimal Classification number |
635.1/8 პ-59 |
| 245 ## - ცნობა სათაურის შესახებ |
| Title |
პომიდორი : |
| Remainder of title |
პომიდორის წარმოების აგროტექნოლოგია / |
| Statement of responsibility, etc |
გარემოს დაცვითი ინფორმაციისა და განათლების ცენტრი. |
| 264 ## - წარმოების, გამოცემის, დისტრიბუციის და სხვა ცნობები |
| გამოცემის, წარმოების, დისტრიბუციის... თარიღი |
2021. |
| 300 ## - ფიზიკური აღწერა |
| Extent |
67 გვ. : |
| Other physical details |
ილ. ; |
| Dimensions |
30 სმ. |
| 504 ## - BIBLIOGRAPHY, ETC. NOTE |
| Bibliography, etc |
ბიბლიოგრ. გვ. 67 |
| 653 ## - INDEX TERM--UNCONTROLLED |
| Uncontrolled term |
პომიდორი |
| 653 ## - INDEX TERM--UNCONTROLLED |
| Uncontrolled term |
პომიდორის წარმოები აგროტქნოლოგია |
| 710 ## - ADDED ENTRY--CORPORATE NAME |
| Corporate name or jurisdiction name as entry element |
გარემოს დაცვითი ინფორმაციისა და განათლების ცენტრი |
| 9 (RLIN) |
14245 |
| 942 ## - ADDED ENTRY ELEMENTS (KOHA) |
| Source of classification or shelving scheme |
|
| Koha item type |
წიგნი |